000 00741cam a22002411 4500
001 sa 67000222
003 DLC
005 20260227112312.0
008 861114s1963 ii b 000 0 eng
010 _asa 67000222
025 _aPL480:I-E-6335
035 _a(OCoLC)14711331
040 _aDLC
_cWaU
_dWaU
_dDLC
042 _apremarc
050 0 0 _aHC437.G85
_bA48
110 1 _aGujarat (India).
_bBureau of Economics and Statistics.
245 1 0 _aLocations of industries in Gujarat State, 1956-1960.
260 _aAhmedabad
_c[1963]
300 _a186, 4 p.
_bfold. map.
_c25 cm.
490 1 _aIts Monograph
_v3
650 0 _aIndustries
_zIndia
_zGujarat.
810 1 _aGujarat (India).
_bBureau of Economics and Statistics.
_tMonograph
_v3.
999 _c71829
_d71829